Landlord-tenant partnership in Scottish farming (Record no. 2232)
[ view plain ]
| 000 -LEADER | |
|---|---|
| fixed length control field | 00992cab a2200217 4500 |
| 001 - CONTROL NUMBER | |
| control field | ABS37305 |
| 008 - FIXED-LENGTH DATA ELEMENTS--GENERAL INFORMATION | |
| fixed length control field | 090401t1987 xxu||||| |||| 00| 0 eng d |
| 035 ## - SYSTEM CONTROL NUMBER | |
| System control number | (Sirsi) u3633 |
| 041 ## - LANGUAGE CODE | |
| Language code of text/sound track or separate title | eng |
| 100 ## - MAIN ENTRY--PERSONAL NAME | |
| Personal name | Jones, J. |
| 245 ## - TITLE STATEMENT | |
| Title | Landlord-tenant partnership in Scottish farming |
| 260 ## - PUBLICATION, DISTRIBUTION, ETC. | |
| Date of publication, distribution, etc. | 1987 |
| 350 ## - PRICE (NR) (BK AM CF MU VM SE) [OBSOLETE] | |
| Price | 0 |
| 490 ## - SERIES STATEMENT | |
| Series statement | Valuer (ISVA) |
| Volume/sequential designation | 56(1) January/February 1987, 16-17(2) |
| 520 ## - SUMMARY, ETC. | |
| Summary, etc. | Describes the procedure involved in establishing landlord and tenant partnerships in Scotland , which have developed more widely than in the rest of Britain. In England and Wales, these partnerships can put the landowners at risk of establishing unwanted tenancies. Outlines the legal differences between England and Scotland before looking at the form farming partnerships take and looks at their future use in Scotland. |
| 650 ## - SUBJECT ADDED ENTRY--TOPICAL TERM | |
| Topical term or geographic name entry element | AGRICULTURAL HOLDINGS ACT 1949 |
| 650 ## - SUBJECT ADDED ENTRY--TOPICAL TERM | |
| Topical term or geographic name entry element | LIMITED PARTNERSHIP ACT 1907 |
| 690 ## - LOCAL SUBJECT ADDED ENTRY--TOPICAL TERM (OCLC, RLIN) | |
| Topical term or geographic name as entry element | Landlord and tenant |
| 9 (RLIN) | 6252 |
| 942 ## - ADDED ENTRY ELEMENTS (KOHA) | |
| Suppress in OPAC | 0 |
| 948 ## - LOCAL PROCESSING INFORMATION (OCLC); SERIES PART DESIGNATOR (RLIN) | |
| c (OCLC) | 04/03/1997 |
| Withdrawn status | Lost status | Source of classification or shelving scheme | Damaged status | Not for loan | Home library | Current library | Shelving location | Date acquired | Total Checkouts | Full call number | Barcode | Date last seen | Copy number | Price effective from | Koha item type |
|---|---|---|---|---|---|---|---|---|---|---|---|---|---|---|---|
| Dewey Decimal Classification | London | London | Journal article | 14/09/1999 | ABS37305 | 3633-1001 | 06/08/2019 | 1 | 06/08/2019 | Journal article |